[Event "CAN-ch U08 Girls"]
[Site "Ottawa"]
[Date "2013.07.12"]
[Round "6"]
[White "Kuleshova, Julia"]
[Black "Kamath, Maya"]
[Result "0-1"]
[WhiteElo "262"]
[BlackElo "1652"]
[PlyCount "42"]
[EventDate "2013.07.10"]
[EventType "swiss"]
[EventRounds "6"]
[EventCountry "CAN"]
[SourceTitle "EXT 2022"]
[Source "ChessBase"]
[SourceDate "2021.10.06"]
[SourceVersion "1"]
[SourceVersionDate "2021.10.06"]
[SourceQuality "1"]

1. e4 e5 2. Nf3 Nc6 3. Bc4 Nf6 4. Nc3 Bc5 5. d3 0-0 6. Bg5 Be7 7. 0-0 b6 8. Nd2 Bb7 9. Qf3 Nd4 10. Qd1 d5 11. exd5 Nxd5 12. Bxe7 Nxe7 13. Nde4 Nec6 14. Nd5 Na5 15. Ne3 Nxc4 16. Nxc4 Qe7 17. c3 Nc6 18. d4 exd4 19. cxd4 Qxe4 20. Rc1 Nxd4 21. Re1 Qxg2# 0-1

[Event "CAN-ch U08 Girls"]
[Site "Ottawa"]
[Date "2013.07.11"]
[Round "3"]
[White "Kamath, Maya"]
[Black "Murray, Sarah"]
[Result "1-0"]
[WhiteElo "1652"]
[BlackElo "652"]
[PlyCount "71"]
[EventDate "2013.07.10"]
[EventType "swiss"]
[EventRounds "6"]
[EventCountry "CAN"]
[SourceTitle "EXT 2022"]
[Source "ChessBase"]
[SourceDate "2021.10.06"]
[SourceVersion "1"]
[SourceVersionDate "2021.10.06"]
[SourceQuality "1"]

1. e4 e5 2. Nf3 Nf6 3. Nc3 Nc6 4. Bc4 a6 5. d4 exd4 6. Nxd4 Nxd4 7. Qxd4 c5 8. Qd1 d6 9. 0-0 b5 10. Bd5 Rb8 11. Bg5 h6 12. Bxf6 Qxf6 13. Rb1 Be7 14. Qd2 0-0 15. Rfe1 b4 16. Na4 Qg6 17. g3 Bg5 18. Qe2 Re8 19. Bc6 Re7 20. Rbd1 Bf6 21. Rxd6 Bg4 22. Qd3 Rf8 23. Nxc5 Be5 24. Rxg6 fxg6 25. Nd7 Rd8 26. Nf6+ Bxf6 27. Qxd8+ Kf7 28. Bd5+ Be6 29. Bxe6+ Rxe6 30. Qd5 Ke7 31. e5 Bg5 32. Qb7+ Kf8 33. Rd1 Re7 34. Qxb4 Kf7 35. e6+ Kf8 36. Rd8# 1-0